000
00247nam a2200097Ia 4500
001
758663
005
20250826164901.0
008
250824s9999 xx 000 0 und d
245
0
_a
BALIK İZLERİNİN SESİ
_c
BUKET UZUNER
260
_b
EVEREST YAYINLARI
999
_c
758663
_d
758663